000 00302nam a22001217a 4500
999 _c153958
_d153958
082 _a
_b
100 _aRamaswami Iyer L V
245 _aGrammer in lilatilakam/
_cby Ramaswami Iyer L V.
260 _aThiruvananthapuram:
_bUniversity of Kerala,
_c2014.
300 _a114p.
650 _a
942 _cBK